Nottingham - Statistics

General Stats
  • This quiz has been taken 572 times
  • The average score is 9 of 16
Answer Stats
Hint Answer % Correct
Robin Hood lived here Sherwood Forest
88%
This pharmacy chain has its headquarters in Nottingham Boots
84%
Oldest football team in the world Notts County
84%
A funfair over 700 years old Goose Fair
76%
Cricket ground Trent Bridge
76%
Nottingham's Ice Hockey team The Nottingham Panthers
72%
Nottingham's biggest shopping centre Victoria Centre
70%
Home to Nottingham Forest FC The City Ground
67%
Batman's 'The Dark Knight Rises' was filmed here Wollaton Hall
53%
Ice Skating champions Jayne Torvill and Christopher Dean
45%
Cinemas, bars, restaurants and a casino can be found here The Corner House
45%
Boxing champion Carl Froch
43%
Music festival held at Wollaton Park every year Splendour
34%
The City's oldest school Nottingham High School
33%
A town home to a 12th century Minster Southwell
29%
Country Park home to the National Watersports Centre Holme Pierrepont
24%
No matching quizzes found
Score Distribution
Percent of People with Each Score
Percentile by Number Answered
Your Score History
You have not taken this quiz